000 00538nam a2200217Ia 4500
003 OSt
005 20220928142344.0
006 a|||||r|||| 00| 0
007 ta
008 220927b |||||||| |||| 00| 0 eng d
024 _a19255
037 _cTextual
040 _aSDCL
_cSDCL
_beng
041 _2eng
_aeng
082 _aX:89F, M2
100 _aMaheshwari S N
245 0 _aManagement accounting and financial control
260 _c1982
942 _hX:89F, M2
_cTEXL
_2CC
999 _c821457
_d821457